00854nam a2200193 i 4500001000700000003000700007005001700014008004100031080002400072100002500096245013400121260003600255300005300291490004700344651007500391700004200466830004700508852010500555187335SpMaBN20250731001136.0170605s1930 sp f |||| | spa d a94(460.18)"1520/21"1 aPoch Noguer, José.14aLos comuneros de Castilla b: la vida por las libertades patrias /cpor José Poch N. ; ilustraciones de Jesús de la Helguera. aBarcelona : bAraluce, c[1930] aVIII, 9-150 p., [8] h. de lám. col. ; c17 cm.1 aPáginas brillantes de la historia ; v19 7aCastilla (Reino)-xHistoria-y1520-1521, Rebelión de los comuneros21 aHelguera, Jesús de la (d1910-1971)0 aPáginas brillantes de la historia ; v19 aES-MaACLjL-31681 z- enc. cart. z. - Donat. herederos de la bibl. de Mª del Pilar Costa Palacín